000 00514 a2200157 4500
020 _a9780545607865
020 _a0545607868
041 _aspa
100 _aSendelbach, Brian
245 _aEl zoologico de calzoncillos / escrito e ilustrado por Brian Sendelbach ; translated by Juan Pablo Lombana.
260 _aNew York, NY : Scholastic Inc., [2013]
300 _a24 unnumbered pages : color illustrations ;
_c26 cm
500 _aOther Titles: Underpants Zoo.
700 _aLombana, Juan Pablo
942 _cBK
999 _c10877
_d10877